ბათუმის შოთა რუსთაველის სახელმწიფო უნივერსიტეტის ბიბლიოთეკა

ონკოლოგია Cancer Mannual : (ბიბ.ჩანაწერი № 62892)

000 -ლიდერი
ფიქსირებული სიგრძის საკონტროლო ველი 01424nam a22002537a 4500
003 - საკონტროლო ნომრის იდენტიფიკატორი
საკონტროლო ველი Ge_BSU
005 - ბოლო ოპერაციის თარიღი და დრო
საკონტროლო ველი 20250317114904.0
008 - ფიქსირებული სიგრძის მონაცემთა ელემენტები - ზოგადი ინფორმაცია
ფიქსირებული სიგრძის საკონტროლო ველი 250317s2010 ge ||||| |||| 00| 0 geo d
020 ## - წიგნის საერთაშორისო სტანდარტული ნომერი
International Standard Book Number 9789941022708
041 ## - ენის კოდი
Language code of text/sound track or separate title geo
080 ## - უნივერსალური ათობითი კლასიფიკაციის ინდექსი
Universal Decimal Classification number 616-006(075.8) ღ-46
100 ## - მთავარი ჩანაწერი - პიროვნების სახელი
Personal name ღვამიჩავა, რემა
9 (RLIN) 24577
245 ## - ცნობა სათაურის შესახებ
Title ონკოლოგია Cancer Mannual :
Remainder of title ეძღვნება თბილ. სახელმწ. სამედ. უნ-ტის 80 წლის იუბილეს : [სახელმძღვ. სამედ. სასწ. სტუდ.] /
Statement of responsibility, etc რემა ღვამიჩავა, მიხეილ შავდია; [რედ.: რუსუდან ზექალაშვილი, როენა დგებუაძე].
264 ## - წარმოების, გამოცემის, დისტრიბუციის და სხვა ცნობები
გამოცემის, წარმოების, დისტრიბუციის... ადგილი თბ. :
გამოცემის, წარმოების, დისტრიბუციის... სახელწოდება [ჯისიაი],
გამოცემის, წარმოების, დისტრიბუციის... თარიღი 2010.
300 ## - ფიზიკური აღწერა
Extent 675 გვ. :
Other physical details ცხრ. ;
Dimensions 29 სმ.
500 ## - ზოგადი შენიშვნა
General note საგნ. საძ.: გვ. 671-674.
504 ## - BIBLIOGRAPHY, ETC. NOTE
Bibliography, etc ბიბლიოგრ.: გვ. 664-665.
653 ## - INDEX TERM--UNCONTROLLED
Uncontrolled term ონკოლოგია
653 ## - INDEX TERM--UNCONTROLLED
Uncontrolled term მედიცინა
700 ## - ADDED ENTRY--PERSONAL NAME
Personal name შავდია, მიხეილ
Relator term ავტორი
9 (RLIN) 24578
700 ## - ADDED ENTRY--PERSONAL NAME
Personal name ზექალაშვილი, რუსუდან
Relator term რედაქტორი
9 (RLIN) 4984
700 ## - ADDED ENTRY--PERSONAL NAME
Personal name დგებუაძე, როენა
Relator term რედაქტორი
9 (RLIN) 24415
942 ## - ADDED ENTRY ELEMENTS (KOHA)
Source of classification or shelving scheme
Koha item type წიგნი
ეგზემპლარები
ჩამოწერის სტატუსი დაკარგული ეგზემპლარის სტატუსი კლასიფიკაციის წყარო ან თაროზე გაწყობის სქემა დაზიანების სტატუსი არ გაიცემა მუდმივი მდებარეობა (დაცვის ადგილი) ამჟამინდელი ადგილსამყოფელი თაროზე განთავსების ადგილი შეძენის თარიღი ღირებულება, შესყიდვის ნორმალური ფასი სრული შენახვის შიფრი შტრიხკოდი ბოლო ოპერაციის თარიღი ეგზემპლარის მიმდევრობითი ნომერი (კეტერი?) ფასის ძალაში შესვლის თარიღი ეგზემპლარის სახეობა საჯარო შენიშვნა
          ბათუმის შოთა რუსთაველის სახელმწიფო უნივერსიტეტის მთავარი ბიბლიოთეკა ბათუმის შოთა რუსთაველის სახელმწიფო უნივერსიტეტის მთავარი ბიბლიოთეკა წიგნსაცავი 2025-03-17 30.00 616-006(075.8) ღ-46 70846 2025-03-17 70846 2025-03-17 წიგნი 30 ლ.
          ბათუმის შოთა რუსთაველის სახელმწიფო უნივერსიტეტის მთავარი ბიბლიოთეკა ბათუმის შოთა რუსთაველის სახელმწიფო უნივერსიტეტის მთავარი ბიბლიოთეკა წიგნსაცავი 2025-04-03 30.00 616-006(075.8) ღ-46 70973 2025-04-03 70973 2025-04-03 წიგნი 30.00